000 00561nam a2200145 a 4500
001 000044886
005 20201002045715.0
008 150115s2014 dr ad 000 0 spa d
040 _aDO-SdBNP
_bspa
_cBNPHU
100 1 _aRepública Dominicana
_bayuntamiento del Distrito Nacional
_96506
245 1 0 _aEncuesta de Opinión del Evento de Ciudad "Güibia para Ti 2014". /
_cpresentación del estudio, Roberto Salcedo Gavilán.
260 _aSanto Domingo :
_bADN,
_c2014.
300 _a27 p. :
_bil., diagr. ;
_c22 cm.
700 1 _aSalcedo Gavilán, Roberto
_epres.
_96509
999 _c44375
_d44375